Keď dvaja vraj robia presne to isté

Bibliographic Details
Main Author: Kotian, Róbert, 1958- (Author)
Format: Article
Language:Slovak
Subjects:

MARC

LEADER 00000nab a2200000 a 4500
001 vtls000584128
003 SK-MaSNL
005 20260303011344.0
008 160202c1996 xo 0 slo
015 |a SNBRB19rr/mm-uuuuu 
035 |a CL0584267 
040 |a SNKBUCL  |b slo  |c SNKBUCL  |e AACR2 
041 0 |a slo 
044 |a xo  |c SK 
080 |a 343.35:343.451  |2 1981 
080 |a 343.451  |2 1981 
100 1 |a Kotian, Róbert,  |d 1958-  |4 aut  |9 103440 
245 1 0 |a Keď dvaja vraj robia presne to isté  |c Róbert Kotian 
650 0 7 |a zneužívanie právomoci verejného činiteľa  |2 snkbucl  |9 989886 
655 7 |a články z novín a časopisov  |2 snkbucl  |9 267496 
773 0 |t Sme  |g Roč. 4 a 49, č. 112 (15. 5. 1996) 
850 |a Slovenská národná knižnica v Martine  |a MTA001 
852 |a SNK  |b KIS3GCP 
958 |a RK 
958 |a SK 
992 |a RBX 
999 |c 1591677  |d 1593607